| 000 | 01393nam a2200325 c 4500 | ||
|---|---|---|---|
| 003 | BLK | ||
| 005 | 20230224153805.0 | ||
| 008 | 180409b bul|||||r ||||||| ||bul|| | ||
| 010 | _aKNG00120767000 | ||
| 040 | _aBLK | ||
| 041 |
_aBUL _cBUL |
||
| 080 |
_aХудожествени ръкоделия _b746 _x(497.2) _z746(497.2) |
||
| 080 |
_aОблекло. Носия. Мода. Накит. Вж и 613.4 ; 646 ; 687 _b391 _x(497.2) _z391(497.2) |
||
| 100 | 1 |
_aМитрева, Павлина _eпърви автор _9314034 |
|
| 139 |
_aМитрева, Павлина _bМ 72 |
||
| 245 | 1 | 0 |
_aСамоковска везба _bМоногр. изследване със 115 черно-бели и цв. ил. и граф. сх. _cПавлина Митрева. |
| 257 | _aBGR | ||
| 260 |
_аСофия _bБълг. художник _c1982 |
||
| 300 |
_a152 с. _bс ил. _c28 см |
||
| 380 | _a7 | ||
| 500 | _aБиблиогр. с. 132-138. - Рез. на англ., нем. ез. | ||
| 650 | 4 |
_aШевици, български _9177812 |
|
| 650 | 4 |
_aНародни носии, български _9262386 |
|
| 651 | 4 |
_aСамоковско _9179477 |
|
| 852 | _aЦб ІІ 6200 | ||
| 856 | 4 |
_qpdf _u |
|
| 856 | 4 |
_qpdf _u |
|
| 942 |
_cKNG _n0 _05 |
||
| 944 |
_aCR _c13.01.2011 _lдобави в АБ / 12.01.2011 _kНаталия_Любомирова |
||
| 944 |
_aED _c27.08.2015 _lдобави в АБ / 12.01.2011 _kГеновева_Генчева |
||
| 999 |
_c115289 _d115289 |
||